La gran subasta [juego] : de obras maestras /
Guardado en:
| Formato: | Objeto Físico |
|---|---|
| Publicado: |
Argentina :
Ruibal,
c1970.
|
| Materias: | |
| Etiquetas: |
Agregar Etiqueta
Sin Etiquetas, Sea el primero en etiquetar este registro!
|
| LEADER | 00776nrm a22001575g 4500 | ||
|---|---|---|---|
| 001 | CEM.cems019180 | ||
| 008 | 130507s1970##################0###0#####d | ||
| 005 | 20220829202916.0 | ||
| 003 | CEMS | ||
| 245 | 0 | 0 | |a La gran subasta [juego] : |b de obras maestras / |c Parker Brothers. |
| 260 | |a Argentina : |b Ruibal, |c c1970. | ||
| 300 | |a 1 juego (1 tablero, 6 p.eones, 2 dados, clips, colección de billetes, colección tarjetas de valores, 24 tarjetas - colección de reproducciones de obras de arte) ; en caja 51 x 26 x 6 cm. + manual de instrucciones. | ||
| 500 | |a Para 3 a 6 jugadores a partir de8 años objetivo: acumular la mayor fortuna entre Obras de Arte y dinero. | ||
| 082 | 0 | 4 | |a J793.9 |
| 653 | |a 1. juegos de negocios y finanzas | ||
| 859 | |a CEMS |b BIB. CEMS - Ludoteca |h J793.9 |i P223 |p 081.92 |t Ej.1 | ||
